书目信息 |
| 书名: | Cultures | |
| 作者: | [compiled by] Emily Thiroux. | |
| 分册号: | ||
| 分册名: | 出版地: | Englewood Cliffs, N.J. : |
|
| 出版社: | Prentice Hall | |
| 出版时间: | c1993. | |
| 页数: | xv, 365 p. : | |
| 开本: | 24 cm. | |
| 丛书名: | ||
| 中图分类号: | ||
| 科图分类号: | ||
| 其他分类号: | C912 | |
| 主题词: | ||
| 电子资源: | ||
| 000 | 01254cam a2200325 a 450 | |
| 001 | E0735854890 | |
| 005 | 20070425095845.92 | |
| 008 | 920729s1993 njuab 001 0 eng | |
| 010 | @a92027905 | |
| 020 | @a0131946145. | |
| 035 | @A(DLC) 92027905 | |
| 040 | @aDLC@cDLC@dDLC | |
| 050 | 00 | @aPE1127.S6@bC84 1993 |
| 082 | 00 | @a808/.0427@2 20 |
| 090 | @aC912 | |
| 099 | @dC912@ex63 | |
| 245 | 00 | @aCultures :@bdiversity in reading and writing / @c[compiled by] Emily Thiroux. |
| 260 | @aEnglewood Cliffs, N.J. :@bPrentice Hall,@cc1993. | |
| 300 | @axv, 365 p. :@bill., 2 maps ;@c24 cm. | |
| 500 | @aIncludes indexes. | |
| 650 | 0 | @aCulture@xProblems, exercises, etc. |
| 650 | 0 | @aReaders@xSocial sciences. |
| 650 | 0 | @aReport writing@xProblems, exercises, etc. |
| 650 | 0 | @aEnglish language@xRhetoric. |
| 650 | 0 | @aCollege readers. |
| 650 | 0 | @aPluralism (Social sciences)@xProblems, exercises, etc. |
| 700 | 1 | @aThiroux, Emily,@d1949- |
| 906 | @a7@bcbc@corignew@d1@eocip@f19@gy-gencatlg | |
| 955 | @apc03 to la00 07-29-92; lh02 07-30-92; lh02/08 to subj 08-06-92; lh06 08-06-92 (PE1127.S6 C...); lh09 08-06-92; aa13 08-07-92; CIP ver. lj12 07-12-93 to SL | |
| 991 | @bc-GenColl@hPE1127.S6@iC84 1993@p00031338669@tCopy 1@wBOOKS | |
| Cultures : : diversity in reading and writing / / [compiled by] Emily Thiroux.-Englewood Cliffs, N.J. : : Prentice Hall, , c1993. |
| xv, 365 p. : : ill., 2 maps ; ; 24 cm. |
| Includes indexes. |
| ISBN 0131946145. |
| ● |
| 相关链接 |
|
|
|
|
正题名:Cultures
索取号:C912/x63
 
预约/预借
| 序号 | 登录号 | 条形码 | 馆藏地/架位号 | 状态 | 备注 |
| 1 | 5038 | 300050389 | 第二样本阅览室/ [索取号:C912/x63] | 在馆 | |
| 2 | 5039 | 300050398 | 第四借阅区/ [索取号:C912/x63] | 在馆 | |
| 3 | 5040 | 300050405 | 第四借阅区/ [索取号:C912/x63] | 在馆 | |
| 4 | 5041 | 300050414 | 密集书库/ [索取号:C912/x63] | 在馆 | |
| 5 | 5042 | 300050423 | 密集书库/ [索取号:C912/x63] | 在馆 |